За ораторското изкуство (Запис номер 188140)
[ съкратено ]
| 000 -Лидер | |
|---|---|
| Контролно поле с фиксирана дължина | nam a22 a 4500 |
| 003 - Код на организацията, давaща контролен номер | |
| Контролно поле | BLK |
| 005 - Дата и час на последна редакция | |
| Контролно поле | 20220930115140.0 |
| 008 - Елементи от данни с фиксирана дължина | |
| fixed length control field | 180411b bul|||||r ||||||| ||bul|| |
| 010 ## - Наследен системен номер | |
| LC control number | KNG00197158000 |
| 040 ## - Източник на каталожния запис | |
| Идентификатор на билиотеката - собственик на записа | BLK |
| 041 ## - Код за език | |
| Код за езика на текст/звукозапис или на отделно заглавие | Български |
| Код за езика КДБФ | Български |
| 080 ## - УДК | |
| Текстов определител УДК | Ораторско изкуство. Красноречие. Дебати. Публични дискусии. Психология на слушателя |
| УДК код - определител по УДК | 808.51 |
| УДК - код + определител | 808.51 |
| 139 ## - Редно поле | |
| Редна дума | Толмачов, Анатолий Василиевич |
| Авторски знак | Тол - Т 66 |
| 245 10 - Сведения за заглавието | |
| Заглавие | За ораторското изкуство |
| Подзаглавни данни | Сборник |
| Редно поле (дума) | авт.-състав. Анатолий Василиевич Толмачов; прев. от рус. Ирина Гочева. |
| 250 ## - Област на изданието | |
| Сведения за изданието | 3. изд. |
| 257 ## - Страна на издаване | |
| Страна на създаване/издаване | СССР |
| 260 ## - Област на издателските данни | |
| Място на издаване, разпространение и проч. | София |
| Име на издателя, разпространителя и проч. | Партиздат |
| Година на издаване | 1975 |
| 300 ## - Физическа характеристика | |
| Страници | 464 с. |
| Размери/Мащаб | 21 см |
| 380 ## - Жанр | |
| Жанр | Литературознание |
| 500 ## - Общи забележки | |
| Забележка | Ориг. загл. Об ораторском искусстве. - 1. изд. 1960. - 15 110 тир. - Именен показалец на митол. и лит. герои. |
| 650 #4 - Допълнително описание по предмет – тема | |
| Основно описание – тема или топоним | Ораторско изкуство |
| 9 (RLIN) | 241886 |
| 653 ## - Ключова дума – ненормативна | |
| Ключова дума | ораторско изкуство |
| 700 1# - Други автори (авторска отговорност) | |
| Лично име | Толмачов, Анатолий Василиевич |
| Автороска отговорност (Описва отношението между автора и произведението) | авт.-състав. |
| 9 (RLIN) | 129918 |
| 700 1# - Други автори (авторска отговорност) | |
| Лично име | Гочева, Ирина |
| Автороска отговорност (Описва отношението между автора и произведението) | прев. от рус. |
| 9 (RLIN) | 344511 |
| 852 ## - Местоположение | |
| Форматна сигнатура | Цб 76924 |
| Фондова буква | Хранилище |
| 856 4# - Електронен адрес и достъп | |
| Електронен формат | pdf - файл |
| 856 4# - Електронен адрес и достъп | |
| Електронен формат | pdf - файл |
| 999 ## - СИСТЕМНИ КОНТРОЛНИ НОМЕРА | |
| Koha biblionumber | 188140 |
| Koha biblioitemnumber | 188140 |
| 942 ## - АРТИКУЛИ | |
| Вид на библиотечния материал | Книги |
| Скрит в OPAC | Не |
| Периодичен библиозапис | Да |
| 944 ## - СЪЗДАВАНЕ И РЕДАКЦИЯ на ЗАПИСА | |
| Създаване/Редакция | Създаване |
| Дата на регистрацията/редакция | 01.12.2016 |
| Статус, дата на статуса | ф / |
| Служител, извършил регистрацията/редакцията | Правда_Бадева |
| 944 ## - СЪЗДАВАНЕ И РЕДАКЦИЯ на ЗАПИСА | |
| Създаване/Редакция | Редакция |
| Дата на регистрацията/редакция | 2022-09-30 |
| Служител, извършил регистрацията/редакцията | ир |
| 999 ## - СИСТЕМНИ КОНТРОЛНИ НОМЕРА | |
| Koha biblioitemnumber | 188140 |
| Код за отписване | Код за изгубен артикул | Източник на класификационната схема | Код за повреда | Коз за рестрикции | Код за отдаване | Артикулен № | Име на библиотеката - собственик | Име на библиотеката, в която се намира в момента | Статус (Текущо местоположение) | Дата на вписване в системата | Местоположение - отдел | Цена в лева | Инвентарен номер | Систематично азбучна сигнатура | Баркод | Номер на екземпляра | Цена в евро | Служебна бележка | Служебен тип на артикула |
|---|---|---|---|---|---|---|---|---|---|---|---|---|---|---|---|---|---|---|---|
| Не е изгубен | Universal Decimal Classification | Не е повреден | само за читалня | ползва се в читалня | 329340 | Регионална библиотека "Любен Каравелов" Русе | Регионална библиотека "Любен Каравелов" Русе | Хранилище | 1975-01-01 | Хранилище | 1.67 | 187927 | Цб 76924 | 120000187927 | 1 | 0.85 | Дост: Dp Вид: Д N: стар фонд Дата: 01.01.1975 | Книги | |
| Изтеглен | Не е изгубен | Universal Decimal Classification | Не е повреден | без рестрикции | заемане за дома | 329341 | Регионална библиотека "Любен Каравелов" Русе | Регионална библиотека "Любен Каравелов" Русе | Заемна - подръчен фонд | 1975-01-01 | Заемна - подръчен фонд | 1.67 | 187993 | П 82.0/Т 66 | 187993 | 2 | 0.85 | Дост: Pk Вид: Ф N: стар фонд Дата: 01.01.1975 Дата инв: 08.02.2018 Бележки инв: П2018 | Книги |
| Изтеглен | Не е изгубен | Universal Decimal Classification | Не е повреден | без рестрикции | заемане за дома | 329342 | Регионална библиотека "Любен Каравелов" Русе | Регионална библиотека "Любен Каравелов" Русе | Заемна - подръчен фонд | 1975-01-01 | Заемна - подръчен фонд | 15.00 | 570267 | П 82.0/Т 66 | 570267 | 3 | 7.67 | Дост: DA Вид: А N: стар фонд Дата: 01.01.1975 | Книги |
| Не е изгубен | Universal Decimal Classification | Не е повреден | без рестрикции | заемане за дома | 329343 | Регионална библиотека "Любен Каравелов" Русе | Регионална библиотека "Любен Каравелов" Русе | Заемна - подръчен фонд | 2017-12-14 | Заемна - подръчен фонд | 16.00 | 120000817935 | 82.01/.09/Т 66 | 120000817935 | 4 | 8.18 | Дост: DA Вид: А N: 44 Дата: 14.12.2017 Дата инв: 08.02.2018 Бележки инв: П2018 | Книги |